000
00337nam a2200145Ia 4500
008
150201s2005 xx 000 0 und d
082
_a
615.8
_b
R05S
100
_a
SUNDER , S.
245
_a
TB. OF REHABILITATION
250
_a
2ND
260
_b
JAYPEE
_a
INDIA
_c
2005
300
_a
1-419
650
_a
REHABILITATION
942
_2
ddc
_c
BK
_0
15
999
_c
1480
_d
1480